[Event "Hillerod Byturnering Basis 3 2013"]
[Site "Hillerod"]
[Date "2013.04.30"]
[Round "1"]
[White "Lund, Kirsten"]
[Black "Sorensen, Bernhard W"]
[Result "0-1"]
[WhiteElo "1378"]
[BlackElo "1429"]
[PlyCount "94"]
[EventDate "2013.??.??"]

1. d4 e6 2. c4 f5 3. Nf3 Nf6 4. a3 d5 5. e3 c6 6. Bd2 Ne4 7. Ne5 Qg5 8. Nf3 Qf6
9. Nc3 Nxd2 10. Qxd2 Nd7 11. cxd5 exd5 12. Qc2 Bd6 13. Bd3 O-O 14. Ne2 g6 15.
h4 h6 16. O-O-O Kg7 17. h5 g5 18. Nd2 Qe6 19. Rde1 Nf6 20. Nc3 Ne4 21. Rhf1 g4
22. Ne2 Qf7 23. f3 Ng3 24. Nxg3 Bxg3 25. Rd1 Qxh5 26. Rh1 Qg5 27. f4 Qe7 28.
Nf1 Bh4 29. g3 Bxg3 30. Nxg3 Qxe3+ 31. Qd2 Qxg3 32. Rh5 Bd7 33. Rdh1 Rf6 34.
R5h2 Re8 35. Rg2 Qe3 36. Qxe3 Rxe3 37. Kd2 Rf3 38. Re2 Re6 39. Re5 Rxe5 40.
fxe5 Rf2+ 41. Be2 f4 42. Ke1 g3 43. Rh4 Kg6 44. Bh5+ Kg7 45. Bd1 Rxb2 46. Rxf4
g2 47. Rf1 gxf1=Q+ 0-1

[Event "Hillerod Byturnering Basis 3 2013"]
[Site "Hillerod"]
[Date "2013.04.30"]
[Round "1"]
[White "Pedersen, Ole J"]
[Black "Petersen, Albert Emil Lyng"]
[Result "1-0"]
[WhiteElo "1537"]
[BlackElo "1385"]
[PlyCount "55"]
[EventDate "2013.??.??"]

1. c4 Nf6 2. Nc3 g6 3. g3 Bg7 4. Bg2 d6 5. e4 c5 6. Nge2 Nc6 7. O-O O-O 8. d3
Bd7 9. Rb1 Qc8 10. a3 a5 11. Nd5 Nxd5 12. cxd5 Nd4 13. Nxd4 Bxd4 14. Be3 Bg7
15. Qd2 Bb5 16. Rfc1 Qd7 17. b3 Rfb8 18. d4 b6 19. dxc5 dxc5 20. a4 Ba6 21. Bf1
Bc8 22. Bf4 Rb7 23. Bb5 Qd8 24. Bc6 Qf8 25. Re1 Raa7 26. Bxb7 Rxb7 27. Kg2 Rd7
28. Qe2 1-0

[Event "Hillerod Byturnering Basis 3 2013"]
[Site "Hillerod"]
[Date "2013.04.30"]
[Round "1"]
[White "Rand, Svend Aage"]
[Black "Hein, Jacob"]
[Result "1-0"]
[WhiteElo "1491"]
[BlackElo "1459"]
[PlyCount "173"]
[EventDate "2013.??.??"]

1. e4 g6 2. d4 Bg7 3. c3 d6 4. h3 Nf6 5. Qf3 Bd7 6. Bd3 e5 7. d5 c6 8. dxc6
Bxc6 9. Bg5 Nbd7 10. Nd2 Nc5 11. Bxf6 Nxd3+ 12. Qxd3 Qxf6 13. Qf3 Qd8 14. Ne2
O-O 15. Qd3 a5 16. O-O Qd7 17. c4 f5 18. exf5 Rxf5 19. Ng3 Rf4 20. Nde4 Rd8 21.
Rad1 Bf8 22. Rfe1 a4 23. Re3 Be7 24. Qc2 Qe6 25. b4 axb3 26. axb3 d5 27. cxd5
Rxd5 28. Rxd5 Bxd5 29. Ne2 Rf8 30. Qb2 Bxe4 31. Rxe4 Qf5 32. Ng3 Qf6 33. Re2
Qd6 34. Qxe5 Qxe5 35. Rxe5 Bb4 36. Rb5 Be1 37. Ne4 Rf7 38. Kf1 Re7 39. f3 Bh4
40. g3 Bxg3 41. Nxg3 Rg7 42. Ne4 Rf7 43. Kf2 Re7 44. Nd6 Rd7 45. Nxb7 Rd2+ 46.
Kg3 Kg7 47. Na5 h5 48. Nc4 Re2 49. Re5 Rc2 50. Re4 Rc3 51. Re3 Rc1 52. h4 Kf6
53. Nd2 Rg1+ 54. Kh2 Ra1 55. Ne4+ Ke5 56. Rc3 Kf4 57. Kg2 Ra2+ 58. Nf2 Rb2 59.
Rc4+ Ke3 60. Re4+ Kd2 61. b4 Kc3 62. Kg3 Rb1 63. Kg2 Ra1 64. Re6 Kxb4 65. Rxg6
Ra5 66. Rg5 Ra4 67. Rxh5 Kc3 68. Rh8 Rd4 69. h5 Rd7 70. h6 Kd4 71. h7 Kd5 72.
Ng4 Kd6 73. Nf6 Rg7+ 74. Kf2 Rxh7 75. Nxh7 Ke7 76. Ng5 Kf6 77. Ne4+ Kg7 78. Rd8
Kf7 79. f4 Ke7 80. Rd6 Kf7 81. f5 Ke7 82. Kf3 Ke8 83. Kf4 Ke7 84. Kg5 Ke8 85.
Kg6 Ke7 86. f6+ Ke8 87. Rb6 1-0

[Event "Hillerod Byturnering Basis 3 2013"]
[Site "Hillerod"]
[Date "2013.04.30"]
[Round "1"]
[White "Sorensen, Viggo"]
[Black "Jorgensen, Orla Eilegaard"]
[Result "1/2-1/2"]
[WhiteElo "1486"]
[BlackElo "1486"]
[PlyCount "73"]
[EventDate "2013.??.??"]

1. e4 c5 2. Nf3 d6 3. d4 cxd4 4. Nxd4 Nf6 5. Nc3 Nc6 6. Bg5 Bg4 7. f3 Bh5 8.
Bb5 Rc8 9. O-O a6 10. Ba4 b5 11. Bxf6 gxf6 12. Ncxb5 axb5 13. Bxb5 Qb6 14. Kh1
Bg7 15. Bxc6+ Rxc6 16. Nxc6 Qxc6 17. Qd3 O-O 18. Rad1 f5 19. exf5 Bxb2 20. Rb1
Bg7 21. Rb4 f6 22. Rfb1 Bf7 23. a4 Rc8 24. R1b2 Qc5 25. Qe4 Bf8 26. h3 h5 27.
Rb5 Qc3 28. a5 Rc4 29. Qe2 Ra4 30. Rb8 Kg7 31. Qf2 Ra1+ 32. Kh2 Qe5+ 33. f4
Qxf5 34. R8b5 e5 35. Qg3+ Bg6 36. fxe5 fxe5 37. Qf3 1/2-1/2

[Event "Hillerod Byturnering Basis 3 2013"]
[Site "Hillerod"]
[Date "2013.05.07"]
[Round "2"]
[White "Jorgensen, Orla Eilegaard"]
[Black "Pedersen, Ole J"]
[Result "1/2-1/2"]
[WhiteElo "1486"]
[BlackElo "1537"]
[PlyCount "25"]
[EventDate "2013.??.??"]

1. e4 c5 2. Nc3 Nc6 3. f4 g6 4. Nf3 Bg7 5. Bb5 e6 6. Bxc6 bxc6 7. O-O Ne7 8. d3
d5 9. Bd2 O-O 10. Na4 c4 11. e5 cxd3 12. cxd3 Bb7 13. Nc5 1/2-1/2

[Event "Hillerod Byturnering Basis 3 2013"]
[Site "Hillerod"]
[Date "2013.05.07"]
[Round "2"]
[White "Lund, Kirsten"]
[Black "Sorensen, Viggo"]
[Result "0-1"]
[WhiteElo "1378"]
[BlackElo "1486"]
[PlyCount "56"]
[EventDate "2013.??.??"]

1. d4 e6 2. c4 f5 3. Nf3 Nf6 4. Bg5 Be7 5. Qc2 O-O 6. a3 b6 7. Nbd2 Bb7 8. Bxf6
Bxf6 9. e3 c5 10. dxc5 bxc5 11. Be2 Nc6 12. O-O Qc7 13. Rad1 Rad8 14. Rfe1 Kh8
15. Bd3 Ne5 16. e4 Nxd3 17. Qxd3 fxe4 18. Nxe4 Bxb2 19. Nfg5 g6 20. Nxh7 Kxh7
21. Qh3+ Kg7 22. Ng5 Rh8 23. Qg3 Qxg3 24. fxg3 a5 25. Rf1 Rhf8 26. Rxf8 Rxf8
27. Rxd7+ Kh6 28. Rxb7 Bd4+ 0-1

[Event "Hillerod Byturnering Basis 3 2013"]
[Site "Hillerod"]
[Date "2013.05.07"]
[Round "2"]
[White "Petersen, Albert Emil Lyng"]
[Black "Rand, Svend Aage"]
[Result "1-0"]
[WhiteElo "1385"]
[BlackElo "1491"]
[PlyCount "47"]
[EventDate "2013.??.??"]

1. e4 c5 2. b3 Nc6 3. Bb2 e5 4. Nf3 d6 5. Nc3 Be6 6. d3 Nf6 7. Be2 Be7 8. O-O
Bg4 9. Nd2 Bxe2 10. Nxe2 O-O 11. Ng3 g6 12. f4 exf4 13. Rxf4 Ne5 14. Nf3 Nxf3+
15. Qxf3 Nd7 16. Rf1 f6 17. Rh4 Ne5 18. Qf4 g5 19. Rg4 Nxg4 20. Qxg4 Qe8 21.
Nf5 Kh8 22. Qxg5 Rg8 23. Bxf6+ Bxf6 24. Qxf6+ 1-0

[Event "Hillerod Byturnering Basis 3 2013"]
[Site "Hillerod"]
[Date "2013.05.07"]
[Round "2"]
[White "Sorensen, Bernhard W"]
[Black "Hein, Jacob"]
[Result "1-0"]
[WhiteElo "1429"]
[BlackElo "1459"]
[PlyCount "135"]
[EventDate "2013.??.??"]

1. e4 d6 2. d4 Nf6 3. Nc3 g6 4. Nf3 Bg4 5. h3 Bxf3 6. Qxf3 Nc6 7. Bb5 a6 8.
Bxc6+ bxc6 9. e5 Nd5 10. Nxd5 cxd5 11. Qxd5 Ra7 12. O-O Qd7 13. Qe4 d5 14. Qd3
Bg7 15. f4 f5 16. c4 c6 17. c5 O-O 18. Qg3 Qe6 19. Qh4 h5 20. Kh1 a5 21. Bd2 a4
22. Rg1 Kf7 23. b4 a3 24. Rab1 Rb8 25. Qg3 Bh6 26. Rb3 Rba8 27. Rgb1 Ra4 28.
Qd3 Qc8 29. h4 Qa6 30. Qxa6 R8xa6 31. g3 e6 32. Rd3 Ra7 33. Rbb3 Bf8 34. Bc1
Be7 35. Rxa3 Bd8 36. Rxa4 Rxa4 37. a3 Ke7 38. Rb3 Kd7 39. Bb2 Kc8 40. Kg1 Ra7
41. b5 Rb7 42. b6 Kb8 43. a4 Rg7 44. a5 Kb7 45. a6+ Kb8 46. Ra3 Ka8 47. Bc3 Kb8
48. Ba5 Rd7 49. b7 Bxa5 50. Rxa5 Ka7 51. Kf2 Re7 52. Ra3 Rg7 53. Rb3 Rg8 54.
Rb6 Kb8 55. Rxc6 Re8 56. Rb6 Ka7 57. Rb4 Rb8 58. c6 Kxa6 59. c7 Ka5 60. c8=Q
Rxc8 61. bxc8=Q Kxb4 62. Qc5+ Kb3 63. Ke2 Ka4 64. Kd2 Kb3 65. Kd3 Kb2 66. Qc3+
Kb1 67. Qc2+ Ka1 68. Kc3 1-0

[Event "Hillerod Byturnering Basis 3 2013"]
[Site "Hillerod"]
[Date "2013.05.14"]
[Round "3"]
[White "Hein, Jacob"]
[Black "Petersen, Albert Emil Lyng"]
[Result "1-0"]
[WhiteElo "1459"]
[BlackElo "1385"]
[PlyCount "145"]
[EventDate "2013.??.??"]

1. e4 c5 2. c3 Nc6 3. Bc4 g6 4. d4 b6 5. Qf3 e6 6. Ne2 Bg7 7. Be3 Nf6 8. e5 Ng8
9. Bd3 Bb7 10. Be4 Nge7 11. dxc5 bxc5 12. Bxc5 Nxe5 13. Qf4 Bxe4 14. Qxe4 d5
15. Qa4+ Qd7 16. Qxd7+ Kxd7 17. O-O Nf5 18. Rd1 Rhc8 19. Ba3 Rab8 20. b3 Rc6
21. Nd4 Nxd4 22. cxd4 Ng4 23. h3 Nf6 24. Nd2 Rbc8 25. Bc5 Bf8 26. b4 Bd6 27. a3
Ne8 28. Bxa7 Ra8 29. Bc5 Rca6 30. b5 Ra5 31. b6 Bxc5 32. dxc5 Rxc5 33. b7 Rb8
34. Rdb1 Nd6 35. Nb3 Rb5 36. a4 R5xb7 37. Nc5+ Kc6 38. Nxb7 Rxb7 39. Rc1+ Nc4
40. a5 Ra7 41. a6 Kd6 42. Rcb1 Kc6 43. Rb8 e5 44. g3 Nd6 45. Kf1 e4 46. Ke2 d4
47. Rbb1 f5 48. Rc1+ Kd5 49. Ra5+ Ke6 50. Rc6 Kd7 51. Rcc5 g5 52. Rd5 d3+ 53.
Kd2 Ke6 54. Re5+ Kf6 55. Rec5 h6 56. Rc6 Ke7 57. Rd5 Ne8 58. Rxf5 Nd6 59. Rd5
Nf7 60. g4 Kf8 61. Rb5 Nd8 62. Rxh6 Rc7 63. Rh8+ Ke7 64. Re5+ Kd7 65. Rd5+ Ke6
66. Rhxd8 Rc2+ 67. Ke3 Re2+ 68. Kd4 d2 69. Kc3 d1=Q 70. Rxd1 Ra2 71. R8d6+ Ke5
72. R1d5+ Kf4 73. Rf6# 1-0

[Event "Hillerod Byturnering Basis 3 2013"]
[Site "Hillerod"]
[Date "2013.05.14"]
[Round "3"]
[White "Rand, Svend Aage"]
[Black "Jorgensen, Orla Eilegaard"]
[Result "1/2-1/2"]
[WhiteElo "1491"]
[BlackElo "1486"]
[PlyCount "61"]
[EventDate "2013.??.??"]

1. e4 c5 2. Nf3 d6 3. Bc4 Nf6 4. d3 Nc6 5. a3 a6 6. Bg5 e6 7. O-O Be7 8. c3 b5
9. Bb3 Bb7 10. Nbd2 h6 11. Bxf6 Bxf6 12. Bc2 Rc8 13. Re1 O-O 14. Nf1 Ne5 15.
Nxe5 Bxe5 16. Nd2 Re8 17. Nf3 Bf6 18. Re3 Qc7 19. Qe2 Qd8 20. Qd2 Qc7 21. Rc1
c4 22. d4 Rcd8 23. Qe2 Kh8 24. Re1 e5 25. dxe5 dxe5 26. Rd1 Be7 27. Rxd8 Rxd8
28. Qe1 Bc5 29. Re2 f6 30. Rd2 Rxd2 31. Qxd2 1/2-1/2

[Event "Hillerod Byturnering Basis 3 2013"]
[Site "Hillerod"]
[Date "2013.05.14"]
[Round "3"]
[White "Sorensen, Viggo"]
[Black "Sorensen, Bernhard W"]
[Result "1-0"]
[WhiteElo "1486"]
[BlackElo "1429"]
[PlyCount "73"]
[EventDate "2013.??.??"]

1. e4 e6 2. d4 d5 3. Nc3 Bb4 4. e5 a6 5. Bd2 Ne7 6. a3 Ba5 7. Nf3 Nbc6 8. Bd3
h6 9. b4 Bb6 10. Ne2 O-O 11. O-O f6 12. c4 fxe5 13. dxe5 Nf5 14. cxd5 Qxd5 15.
Bc3 Nce7 16. Nf4 Qc6 17. Rc1 Qe8 18. Bd2 Nd5 19. Nxd5 exd5 20. Qc2 Nd4 21. Nxd4
Bxd4 22. Qxc7 Bxe5 23. Qc5 Qh5 24. Qxd5+ Kh8 25. g3 Bg4 26. Qe4 Rf5 27. f4 Bb2
28. Rc5 Re8 29. Rxf5 Bxf5 30. Qxf5 Qxf5 31. Bxf5 Bxa3 32. Bg6 Rd8 33. Bc3 Rc8
34. Rf3 Bc1 35. Rd3 Rf8 36. Rd7 Be3+ 37. Kg2 1-0

[Event "Hillerod Byturnering Basis 3 2013"]
[Site "Hillerod"]
[Date "2013.05.21"]
[Round "4"]
[White "Jorgensen, Orla Eilegaard"]
[Black "Hein, Jacob"]
[Result "1/2-1/2"]
[WhiteElo "1486"]
[BlackElo "1459"]
[PlyCount "137"]
[EventDate "2013.??.??"]

1. e4 d6 2. c4 e5 3. d3 Na6 4. Nc3 c6 5. f4 Nf6 6. Nf3 Nh5 7. fxe5 dxe5 8. Be2
Bc5 9. a3 Nf4 10. Bf1 Bg4 11. h3 Bxf3 12. Qxf3 Qd6 13. Bxf4 exf4 14. O-O-O Be3+
15. Kb1 Nc5 16. Qg4 Ne6 17. Ne2 h5 18. Qf5 g6 19. Qf6 Bd4 20. Nxd4 Qxd4 21. e5
O-O 22. Be2 Rae8 23. Rhe1 Ng7 24. Bf3 Re6 25. Qg5 c5 26. Re4 Qf2 27. Qxf4 Rb6
28. Rd2 Qf1+ 29. Ka2 Ne6 30. Qe3 Qc1 31. Qe1 Qxe1 32. Rxe1 Kg7 33. Bd5 Nf4 34.
Bf3 Rd8 35. Red1 Rd4 36. Kb1 Rb3 37. Kc2 Rb6 38. Kc3 a5 39. b3 Ne6 40. Re1 Rd7
41. g4 Nd4 42. Bd1 h4 43. g5 Kf8 44. Re4 Ne6 45. Rg2 Rd4 46. Reg4 Kg7 47. Rxh4
Nxg5 48. Rxd4 cxd4+ 49. Kxd4 Ne6+ 50. Kc3 g5 51. Rg4 f5 52. exf6+ Kxf6 53. Rg3
Rd6 54. Bf3 Nc5 55. Bd5 b6 56. d4 Ne6 57. Rf3+ Nf4 58. h4 Kg6 59. Be4+ Kh5 60.
hxg5 Kxg5 61. d5 Kg4 62. Kd4 Rd8 63. c5 Ne6+ 64. Kc4 Nxc5 65. Re3 Kf4 66. Kd4
Ne6+ 67. Kd3 Nc5+ 68. Kd4 Ne6+ 69. Kd3 1/2-1/2

[Event "Hillerod Byturnering Basis 3 2013"]
[Site "Hillerod"]
[Date "2013.05.21"]
[Round "4"]
[White "Sorensen, Bernhard W"]
[Black "Petersen, Albert Emil Lyng"]
[Result "0-1"]
[WhiteElo "1429"]
[BlackElo "1385"]
[PlyCount "86"]
[EventDate "2013.??.??"]

1. e4 c5 2. Nf3 Nf6 3. d4 cxd4 4. Nxd4 g6 5. Nc3 Bg7 6. Be3 Nc6 7. f3 Qb6 8.
Qd2 Qxb2 9. Rb1 Qa3 10. Ncb5 Qxa2 11. Qd1 O-O 12. Nb3 Nb4 13. Kd2 Qa6 14. Bc5
Qc6 15. Bxb4 Nxe4+ 16. fxe4 Bh6+ 17. Ke1 Qxe4+ 18. Qe2 Qxb4+ 19. Kd1 d5 20. h3
Bf5 21. N5d4 Be4 22. Qe1 Qb6 23. Rh2 e5 24. Nb5 Rac8 25. Nc3 Qc7 26. g4 Qxc3
27. Qxc3 Rxc3 28. Na5 b6 29. Nb7 d4 30. Nd6 f5 31. Nb5 Rf3 32. Bc4+ Kh8 33.
Nxa7 Bf4 34. Re2 Rxh3 35. gxf5 Bf3 36. Ke1 Bxe2 37. Bxe2 Bg3+ 38. Kd2 Rxf5 39.
Rxb6 Bf4+ 40. Ke1 Rh1+ 41. Kf2 Be3+ 42. Kg2 Rg1+ 43. Kh2 Rf4 0-1

[Event "Hillerod Byturnering Basis 3 2013"]
[Site "Hillerod"]
[Date "2013.05.21"]
[Round "4"]
[White "Sorensen, Viggo"]
[Black "Pedersen, Ole J"]
[Result "1/2-1/2"]
[WhiteElo "1486"]
[BlackElo "1537"]
[PlyCount "54"]
[EventDate "2013.??.??"]

1. e4 c6 2. d4 d5 3. e5 Bf5 4. Nf3 e6 5. Bd3 Bxd3 6. Qxd3 Qa5+ 7. Bd2 Qa6 8.
Qxa6 Nxa6 9. a3 c5 10. c3 Ne7 11. O-O Nf5 12. b4 cxd4 13. cxd4 Rc8 14. Nc3 Rc4
15. Nb5 Nb8 16. Nxa7 Nxd4 17. Nxd4 Rxd4 18. Bc3 Rc4 19. Rac1 Nc6 20. Nxc6 Rxc6
21. Bd4 Kd7 22. Rxc6 bxc6 23. Rc1 Be7 24. Kf1 Ra8 25. Rc3 Bd8 26. Rf3 Ke8 27.
Rc3 Kd7 1/2-1/2

[Event "Hillerod Byturnering Basis 3 2013"]
[Site "Hillerod"]
[Date "2013.06.11"]
[Round "5"]
[White "Pedersen, Ole J"]
[Black "Sorensen, Bernhard W"]
[Result "1/2-1/2"]
[WhiteElo "1537"]
[BlackElo "1429"]
[PlyCount "77"]
[EventDate "2013.??.??"]

1. c4 e6 2. e4 c6 3. Nc3 d5 4. cxd5 exd5 5. exd5 cxd5 6. d4 Be6 7. Nf3 a6 8. g3
Nc6 9. Bg2 Bb4 10. O-O Nge7 11. a3 Bxc3 12. bxc3 O-O 13. Bf4 Rc8 14. Qb3 Qd7
15. Ne5 Nxe5 16. Bxe5 f6 17. Bf4 g5 18. Bd2 Ng6 19. Rfe1 Rfe8 20. Rxe6 Rxe6 21.
Bxd5 Rce8 22. Re1 Nf8 23. Bxe6+ Nxe6 24. f4 Kg7 25. f5 Nd8 26. Rxe8 Qxe8 27.
Qd1 Qe4 28. g4 Nc6 29. Kf2 Qd3 30. Qe2 Qxe2+ 31. Kxe2 Kf7 32. Kd3 b5 33. c4 Ke7
34. c5 Kd7 35. Bc3 Ne7 36. Ke4 Kc6 37. Bd2 Nd5 38. Kd3 Ne7 39. Ke4 1/2-1/2

[Event "Hillerod Byturnering Basis 3 2013"]
[Site "Hillerod"]
[Date "2013.06.11"]
[Round "5"]
[White "Rand, Svend Aage"]
[Black "Sorensen, Viggo"]
[Result "0-1"]
[WhiteElo "1491"]
[BlackElo "1486"]
[PlyCount "88"]
[EventDate "2013.??.??"]

1. e4 c5 2. Nf3 Nc6 3. d4 cxd4 4. Nxd4 Nf6 5. Nc3 a6 6. a4 e6 7. Bg5 Be7 8. Be2
O-O 9. O-O h6 10. Bh4 Re8 11. Bf3 Ne5 12. Bg3 Nxf3+ 13. Nxf3 b6 14. e5 Nh5 15.
Ne4 Nxg3 16. fxg3 Rf8 17. Nd6 Qc7 18. Kh1 Bb7 19. Nxb7 Qxb7 20. c3 Rac8 21. Qd3
Rc5 22. Qe2 Rfc8 23. Rfd1 a5 24. Rd4 Qc6 25. Qc2 Rc4 26. Rxc4 Qxc4 27. Rd1 Rd8
28. b3 Qc5 29. Rd4 d6 30. Qd2 d5 31. Rd3 Qa3 32. Qc2 Rc8 33. Qd1 Qb2 34. h4
Rxc3 35. Rxc3 Qxc3 36. Kh2 Bc5 37. Kh3 d4 38. Ne1 Be7 39. Kh2 f6 40. Nd3 fxe5
41. Nxe5 Bd6 42. Nf3 d3 43. Qe1 Qxe1 44. Nxe1 d2 0-1

[Event "Hillerod Byturnering Basis 3 2013"]
[Site "Hillerod"]
[Date "2013.06.04"]
[Round "6"]
[White "Pedersen, Ole J"]
[Black "Rand, Svend Aage"]
[Result "1/2-1/2"]
[WhiteElo "1537"]
[BlackElo "1491"]
[PlyCount "53"]
[EventDate "2013.??.??"]

1. c4 Nf6 2. Nc3 g6 3. e4 d6 4. g3 Nc6 5. Bg2 Bg7 6. Nge2 O-O 7. O-O Ne8 8. d3
Nd4 9. Nxd4 Bxd4 10. Bh6 Bg7 11. Bxg7 Nxg7 12. d4 c6 13. f4 f5 14. e5 dxe5 15.
dxe5 Be6 16. b3 Qb6+ 17. Kh1 Rfd8 18. Qe2 Rd4 19. Rad1 Rad8 20. Rxd4 Rxd4 21.
Rd1 Qd8 22. Bf1 Bc8 23. Rxd4 Qxd4 24. Qd3 Qxd3 25. Bxd3 Ne6 26. Kg2 Nc5 27. Be2
1/2-1/2

[Event "Hillerod Byturnering Basis 3 2013"]
[Site "Hillerod"]
[Date "2013.06.04"]
[Round "6"]
[White "Sorensen, Bernhard W"]
[Black "Jorgensen, Orla Eilegaard"]
[Result "1-0"]
[WhiteElo "1429"]
[BlackElo "1486"]
[PlyCount "79"]
[EventDate "2013.??.??"]

1. e4 b6 2. d4 Bb7 3. d5 Nf6 4. f3 d6 5. Bb5+ c6 6. dxc6 Bxc6 7. Bxc6+ Nxc6 8.
Nc3 g6 9. Nge2 Bg7 10. Bg5 Rc8 11. O-O O-O 12. Nd4 Nxd4 13. Qxd4 Nd7 14. Qb4 a5
15. Qb3 Rc5 16. Nd5 Re8 17. Be3 Rc6 18. c3 e6 19. Nf4 Bh6 20. g3 Nc5 21. Qb5
Qd7 22. Rad1 Qc7 23. Kg2 Bxf4 24. Bxf4 e5 25. Bh6 Nd7 26. f4 Rc5 27. Qd3 Rc6
28. Qf3 f6 29. Rd5 Rc5 30. Rd2 Re7 31. Rfd1 Rc6 32. Rd5 Rf7 33. Qd3 Nc5 34. Qe2
Rd7 35. Qc4 Kh8 36. fxe5 fxe5 37. Rf1 Rf7 38. Rdd1 Rxf1 39. Rxf1 Nd7 40. Qf7
1-0

[Event "Hillerod Byturnering Basis 3 2013"]
[Site "Hillerod"]
[Date "2013.06.04"]
[Round "6"]
[White "Sorensen, Viggo"]
[Black "Hein, Jacob"]
[Result "1-0"]
[WhiteElo "1486"]
[BlackElo "1459"]
[PlyCount "39"]
[EventDate "2013.??.??"]

1. e4 d6 2. d4 Nf6 3. Nc3 c6 4. Nf3 Bg4 5. Be2 Nbd7 6. O-O Bh5 7. Re1 h6 8. e5
dxe5 9. dxe5 Ng4 10. e6 fxe6 11. Nd4 Qc7 12. Bxg4 Bxg4 13. Qxg4 Nf6 14. Qg6+
Kd7 15. Nxe6 Qa5 16. Bf4 Re8 17. Rad1+ Nd5 18. Nxd5 cxd5 19. Re5 Qxa2 20. Nc5+
1-0